[Event "NRW-Klasse"]
[Site "Gruppe 2 2013/2014"]
[Date "2013.12.08"]
[Round "4"]
[White "Nordsieck, Thomas"]
[Black "Wegener, Olaf"]
[Result "0-1"]
[WhiteElo "2244"]
[BlackElo "2411"]
[PlyCount "162"]
[EventDate "2013.??.??"]
[WhiteTeam "SK Herne-Sodingen 1"]
[BlackTeam "SV Würselen 1"]

1. e4 c5 2. Nf3 d6 3. c3 Nf6 4. Be2 Bg4 5. O-O e6 6. Re1 Be7 7. d3 h6 8. Nbd2
O-O 9. h3 Bh5 10. Nf1 Nc6 11. Ng3 Bg6 12. Bf1 d5 13. e5 Nd7 14. Bf4 b5 15. Qd2
c4 16. d4 b4 17. h4 Rb8 18. h5 Bh7 19. Nh2 Re8 20. Ng4 Bg5 21. Be3 bxc3 22.
bxc3 Bxe3 23. Nxe3 Rb6 24. f4 Qh4 25. Qf2 Ne7 26. Re2 Reb8 27. Qf3 Rb1 28. Rxb1
Bxb1 29. Rf2 f5 30. exf6 Nxf6 31. f5 Bxf5 32. Ngxf5 Nxf5 33. Nxf5 exf5 34. Qxf5
Qxh5 35. Qe6+ Qf7 36. Qf5 Rf8 37. Qc2 Qe7 38. Be2 Qe3 39. Bf3 Ne4 40. Bxe4 dxe4
41. Qd2 Qd3 42. Rxf8+ Kxf8 43. Qf4+ Kg8 44. Qe5 e3 45. d5 Kh7 46. d6 a5 47. a4
Qb1+ 48. Kh2 Qg6 49. d7 Qd3 50. Qe8 e2 51. g3 Qc2 52. Kh3 Qf5+ 53. Kg2 Qf1+ 54.
Kh2 e1=Q 55. Qxe1 Qxe1 56. d8=Q Qxc3 57. Qd5 Qc2+ 58. Kh3 Qd3 59. Qb5 Qf1+ 60.
Kh2 Qe2+ 61. Kg1 Qd1+ 62. Kh2 Qc2+ 63. Kh3 c3 64. Qc4 Qf5+ 65. g4 Qf3+ 66. Kh2
Kg6 67. Qe6+ Kg5 68. Qe5+ Kg6 69. Qe6+ Kh7 70. Qc4 Qe3 71. Kg2 Kg6 72. Qc8 Qe4+
73. Kh2 c2 74. Kg3 Kh7 75. g5 Qe3+ 76. Kh2 Qf4+ 77. Kh3 c1=Q 78. g6+ Kxg6 79.
Qc6+ Qf6 80. Qxc1 Qf5+ 81. Kh2 Qh5+ 0-1

[Event "NRW-Klasse"]
[Site "Gruppe 2 2013/2014"]
[Date "2013.12.08"]
[Round "4"]
[White "Kotter, Ralf"]
[Black "Wolf, Andre"]
[Result "0-1"]
[WhiteElo "2293"]
[BlackElo "2141"]
[PlyCount "78"]
[EventDate "2013.??.??"]
[WhiteTeam "SK Herne-Sodingen 1"]
[BlackTeam "SV Würselen 1"]

1. e4 c5 2. Nf3 g6 3. d4 cxd4 4. Nxd4 Nc6 5. Nc3 Bg7 6. Nde2 Nf6 7. g3 b5 8.
Bg2 Rb8 9. O-O O-O 10. h3 d6 11. Nd5 Bb7 12. Bg5 e6 13. Nxf6+ Bxf6 14. Bxf6
Qxf6 15. c3 Rfd8 16. Nf4 b4 17. Rc1 Ba6 18. Re1 Ne5 19. Qa4 Bb5 20. Qd1 bxc3
21. Rxc3 Rbc8 22. Qc1 Ba6 23. Qe3 Nc4 24. Qc1 Ne5 25. Rd1 Qe7 26. b3 g5 27.
Rxc8 Rxc8 28. Qa3 Rc6 29. Qa4 Rb6 30. Nh5 Be2 31. Nf6+ Qxf6 32. Qe8+ Kg7 33.
Rc1 Ba6 34. Rc7 Nd3 35. f3 Ne5 36. Kf2 Bb5 37. Qa8 Rc6 38. Qxa7 Rxc7 39. Qxc7
Nd3+ 0-1

[Event "NRW-Klasse"]
[Site "Gruppe 2 2013/2014"]
[Date "2013.12.08"]
[Round "4"]
[White "Pieper-Emden, Carsten"]
[Black "Ackermann, Hans Werner"]
[Result "1/2-1/2"]
[WhiteElo "2156"]
[BlackElo "2223"]
[PlyCount "27"]
[EventDate "2013.??.??"]
[WhiteTeam "SK Herne-Sodingen 1"]
[BlackTeam "SV Würselen 1"]

1. c4 g6 2. Nf3 Bg7 3. d4 c5 4. Nc3 cxd4 5. Nxd4 Nc6 6. Nxc6 bxc6 7. Qc2 Nf6 8.
e3 O-O 9. Be2 d5 10. O-O Qc7 11. h3 Rb8 12. Rd1 Rd8 13. cxd5 cxd5 14. Rd2
1/2-1/2

[Event "NRW-Klasse"]
[Site "Gruppe 2 2013/2014"]
[Date "2013.12.08"]
[Round "4"]
[White "Karger, Frank"]
[Black "Loemker, Michael"]
[Result "1-0"]
[WhiteElo "2231"]
[BlackElo "2092"]
[PlyCount "123"]
[EventDate "2013.??.??"]
[WhiteTeam "SK Herne-Sodingen 1"]
[BlackTeam "SV Würselen 1"]

1. d4 g6 2. c4 Bg7 3. e4 Nc6 4. Nf3 e5 5. d5 Nd4 6. Nxd4 exd4 7. Bd3 c5 8. O-O
d6 9. f4 Nf6 10. h3 O-O 11. Nd2 Nd7 12. Nf3 b5 13. cxb5 a6 14. a4 axb5 15. Bxb5
Ba6 16. Bxa6 Rxa6 17. Qd3 Qa8 18. b3 c4 19. Qxc4 Rc8 20. Qb5 Nc5 21. e5 Ra5 22.
Qc4 Ne6 23. Qb4 Rxd5 24. exd6 Bf8 25. Qd2 Bxd6 26. Ne5 Qb7 27. Rf3 Bb4 28. Qd1
Bc3 29. Rb1 Nc5 30. Nd3 Nxa4 31. f5 Ba5 32. fxg6 hxg6 33. Qf1 Nc3 34. Rb2 Ne4
35. Re2 Ng5 36. Rg3 Rf5 37. Qxf5 gxf5 38. Rxg5+ Kh7 39. Rh5+ Kg6 40. Nf4+ Kg7
41. Rg5+ Kf8 42. Ba3+ Bb4 43. Nd5 Qxd5 44. Bxb4+ Rc5 45. Kh2 f6 46. Rg3 Kf7 47.
Bxc5 Qxc5 48. Rf3 Qd5 49. Rd3 Kg6 50. Kg1 Kg5 51. Kf2 f4 52. Red2 Qb5 53. Ke1
Qb4 54. Kd1 Qa3 55. Ke2 Qe7+ 56. Kf2 Qb4 57. Rc2 Qa3 58. Kg1 Qa1+ 59. Kh2 Qb1
60. Rcd2 f5 61. Rf3 Qe1 62. Rxd4 1-0

[Event "NRW-Klasse"]
[Site "Gruppe 2 2013/2014"]
[Date "2013.12.08"]
[Round "4"]
[White "Quelle, Helmut"]
[Black "Sundorf, Jannik"]
[Result "1/2-1/2"]
[WhiteElo "2084"]
[BlackElo "2120"]
[PlyCount "110"]
[EventDate "2013.??.??"]
[WhiteTeam "SK Herne-Sodingen 1"]
[BlackTeam "SV Würselen 1"]

1. Nf3 c5 2. g3 b6 3. Bg2 Bb7 4. O-O Nf6 5. c4 g6 6. Nc3 Bg7 7. Re1 O-O 8. e4
d6 9. d4 cxd4 10. Nxd4 Nfd7 11. Be3 Nc6 12. f4 Rc8 13. Nxc6 Bxc6 14. Rc1 a6 15.
b3 b5 16. cxb5 axb5 17. Nd5 Re8 18. Re2 Bxd5 19. Rxc8 Qxc8 20. exd5 Qc3 21. Bf2
Nc5 22. Rc2 Qa5 23. h4 b4 24. h5 Qb5 25. Bd4 Qd3 26. Qxd3 Nxd3 27. Rc4 Rb8 28.
hxg6 hxg6 29. Bxg7 Kxg7 30. Kf1 Nc5 31. Ke2 Ra8 32. Rc2 Ra3 33. Bf3 Kf6 34. Ke3
Na4 35. Rc4 Nc5 36. Rc2 Na4 37. Rc4 Nc3 38. Rxb4 Nxa2 39. Rb7 Nc1 40. Bd1 Ra1
41. Bc2 Ra5 42. b4 Ra3+ 43. Kd2 Nb3+ 44. Bxb3 Rxb3 45. g4 g5 46. Kc2 Rg3 47.
fxg5+ Ke5 48. Rxe7+ Kxd5 49. Rxf7 Rxg4 50. Rf5+ Ke6 51. Rb5 d5 52. g6 (52. Rb6+
Ke5 53. g6) 52... Kd6 53. Kc3 Kc6 54. Rc5+ Kb6 55. Rxd5 Rxg6 1/2-1/2

[Event "NRW-Klasse"]
[Site "Gruppe 2 2013/2014"]
[Date "2013.12.08"]
[Round "4"]
[White "Prueske, Wolfgang"]
[Black "Heuermann, Heinz-Burkhard"]
[Result "1-0"]
[WhiteElo "2040"]
[BlackElo "1887"]
[PlyCount "66"]
[EventDate "2013.??.??"]
[WhiteTeam "SK Herne-Sodingen 1"]
[BlackTeam "SV Würselen 1"]

1. e4 c5 2. Nf3 e6 3. g3 Nc6 4. d3 g6 5. Bg2 Bg7 6. c3 Nge7 7. O-O e5 8. Be3 b6
9. d4 cxd4 10. cxd4 exd4 11. Nxd4 O-O 12. Nc3 Ba6 13. Re1 Rc8 14. Qa4 Nxd4 15.
Bxd4 Rc4 16. Qxa6 Rxd4 17. Qxa7 Rd2 18. Rad1 Nc6 19. Qa3 Rd4 20. Nd5 Re8 21.
Qb3 Rxd1 22. Rxd1 Bd4 23. Qc2 b5 24. b3 Kg7 25. Rxd4 Nxd4 26. Qb2 Re6 27. Qxd4+
f6 28. Bh3 Ra6 29. Nb4 Rb6 30. Qxd7+ Qxd7 31. Bxd7 Kf7 32. Kf1 Rb8 33. Ke2 Ke7
1-0

[Event "NRW-Klasse"]
[Site "Gruppe 2 2013/2014"]
[Date "2013.12.08"]
[Round "4"]
[White "Hanisch, Bernd"]
[Black "Linker, Walter"]
[Result "1/2-1/2"]
[WhiteElo "1969"]
[BlackElo "2050"]
[PlyCount "68"]
[EventDate "2013.??.??"]
[WhiteTeam "SK Herne-Sodingen 1"]
[BlackTeam "SV Würselen 1"]

1. c4 f5 2. Nf3 Nf6 3. g3 b6 4. Bg2 Bb7 5. O-O e6 6. b3 Be7 7. Bb2 O-O 8. e3 d6
9. d4 h6 10. Nbd2 Qc8 11. Nh4 Kh7 12. Qc2 Bxg2 13. Nxg2 Nc6 14. e4 g6 15. Rae1
Qd7 16. exf5 exf5 17. d5 Nb4 18. Qb1 Rf7 19. Nf3 Nh5 20. Nd4 Bf6 21. a3 Na6 22.
b4 Rc8 23. Nc6 Ra8 24. Re2 Nb8 25. Nd4 Qa4 26. Ne6 a5 27. Bxf6 Nxf6 28. Nh4
Qxa3 29. Nxg6 Ne4 30. Rxe4 fxe4 31. Qxe4 Qf3 32. Ngf8+ Kh8 33. Ng6+ Kh7 34.
Ngf8+ Kh8 1/2-1/2

[Event "SF Neuenkirchen 1 - SV Letmathe 1"]
[Site "NRW-Klasse, Gruppe 2 2013/201"]
[Date "2014.01.12"]
[Round "5.1"]
[White "Podzielny, Karl-Heinz"]
[Black "Muschik, Benedikt"]
[Result "0-1"]
[WhiteElo "2377"]
[BlackElo "2285"]
[PlyCount "72"]
[EventDate "2014.??.??"]
[WhiteTeam "SV Letmathe 1"]
[BlackTeam "SF Neuenkirchen 1"]

1. c4 g6 2. g3 Bg7 3. Bg2 e5 4. Nc3 d6 5. d3 Nc6 6. Rb1 f5 7. b4 Nf6 8. b5 Ne7
9. e3 O-O 10. Ba3 f4 11. e4 g5 12. gxf4 exf4 13. h3 Ng6 14. Nf3 h6 15. Ne2 Nd7
16. d4 Re8 17. Qc2 Qf6 18. Nc3 Qf7 19. Bf1 Nf6 20. Bd3 g4 21. e5 Nf8 22. hxg4
Bxg4 23. Nd2 dxe5 24. d5 e4 25. Ncxe4 Nxe4 26. Bxe4 Rxe4+ 27. Nxe4 Bf3 28. Kd2
Bxh1 29. Rxh1 f3 30. Qd3 Re8 31. Rg1 Qf4+ 32. Qe3 Rxe4 33. Bb2 Qxe3+ 34. fxe3
Re7 35. Ba3 Rf7 36. e4 Ng6 0-1

[Event "SF Neuenkirchen 1 - SV Letmathe 1"]
[Site "NRW-Klasse, Gruppe 2 2013/201"]
[Date "2014.01.12"]
[Round "5.2"]
[White "Rieke, Theo"]
[Black "Adamski, Jan"]
[Result "1/2-1/2"]
[WhiteElo "1999"]
[BlackElo "2281"]
[PlyCount "38"]
[EventDate "2014.??.??"]
[WhiteTeam "SF Neuenkirchen 1"]
[BlackTeam "SV Letmathe 1"]

1. Nf3 Nf6 2. c4 e6 3. d4 c5 4. Nc3 cxd4 5. Nxd4 Bb4 6. Bd2 Nc6 7. e3 O-O 8. a3
Be7 9. Be2 d5 10. cxd5 exd5 11. O-O Bd6 12. Ncb5 Bb8 13. Nf3 Ne4 14. Rc1 Re8
15. Bc3 Bg4 16. Nbd4 Qd6 17. g3 Qd7 18. Nxc6 bxc6 19. Ne5 Bxe5 1/2-1/2

[Event "SF Neuenkirchen 1 - SV Letmathe 1"]
[Site "NRW-Klasse, Gruppe 2 2013/201"]
[Date "2014.01.12"]
[Round "5.4"]
[White "Wilde, Pierre"]
[Black "Gruermann, Martin"]
[Result "1-0"]
[WhiteElo "2241"]
[BlackElo "2110"]
[PlyCount "89"]
[EventDate "2014.??.??"]
[WhiteTeam "SF Neuenkirchen 1"]
[BlackTeam "SV Letmathe 1"]

1. c4 g6 2. g3 c6 3. Bg2 Nf6 4. Nf3 Bg7 5. O-O d5 6. Qc2 O-O 7. b3 Nbd7 8. Bb2
Re8 9. d4 Ne4 10. Ne1 e5 11. cxd5 cxd5 12. Nf3 exd4 13. Bxd4 Bxd4 14. Nxd4 Ndf6
15. Nc3 Bf5 16. Qb2 Nxc3 17. Qxc3 Qd7 18. Rfc1 Rac8 19. Qf3 Kg7 20. Nxf5+ Qxf5
21. Qxf5 gxf5 22. Kf1 Rc6 23. Rxc6 bxc6 24. Rc1 Re6 25. Rc5 Ne4 26. Ra5 Re7 27.
e3 Rc7 28. b4 Rb7 29. a3 Kf6 30. Ke1 Ke7 31. f3 Nd6 32. Bf1 Kd7 33. Kd2 Rc7 34.
Kc3 Ne8 35. Kd4 Kd6 36. Bh3 Ng7 37. Kd3 Rb7 38. Ra6 Kc7 39. Ra5 Kd6 40. Ra6 Kc7
41. e4 fxe4+ 42. fxe4 dxe4+ 43. Kxe4 Ne8 44. Kf4 f6 45. Bg2 1-0

[Event "SF Neuenkirchen 1 - SV Letmathe 1"]
[Site "NRW-Klasse, Gruppe 2 2013/201"]
[Date "2014.01.12"]
[Round "5.5"]
[White "Hunold, Rolf"]
[Black "Haves, Reinhard"]
[Result "1/2-1/2"]
[WhiteElo "1950"]
[BlackElo "2151"]
[PlyCount "37"]
[EventDate "2014.??.??"]
[WhiteTeam "SV Letmathe 1"]
[BlackTeam "SF Neuenkirchen 1"]

1. e4 g6 2. d4 Bg7 3. Nc3 d6 4. Be3 Nc6 5. h3 e5 6. Nf3 exd4 7. Nxd4 Nf6 8. Qd2
O-O 9. O-O-O Re8 10. f3 Qe7 11. Bb5 Bd7 12. Rhe1 a6 13. Nxc6 bxc6 14. Ba4 Rab8
15. Bg5 Qe5 16. f4 Qa5 17. Bb3 Be6 18. e5 Nd7 19. Ne4 1/2-1/2

[Event "SF Neuenkirchen 1 - SV Letmathe 1"]
[Site "NRW-Klasse, Gruppe 2 2013/201"]
[Date "2014.01.12"]
[Round "5.6"]
[White "Seegers, Hendrik"]
[Black "Pfleger, Sascha"]
[Result "1-0"]
[WhiteElo "2159"]
[BlackElo "2004"]
[PlyCount "81"]
[EventDate "2014.??.??"]
[WhiteTeam "SF Neuenkirchen 1"]
[BlackTeam "SV Letmathe 1"]

1. d4 e6 2. Nf3 Nf6 3. Bf4 c5 4. e3 Be7 5. h3 O-O 6. Nbd2 b6 7. c3 Ba6 8. Bxa6
Nxa6 9. O-O Qc8 10. Qe2 Qb7 11. Ne5 d6 12. Ng4 Nd5 13. Bg3 f5 14. e4 fxg4 15.
exd5 cxd4 16. Qxe6+ Kh8 17. c4 gxh3 18. Rfe1 h2+ 19. Bxh2 Bg5 20. Nf3 Nc5 21.
Qg4 Bf6 22. Bxd6 Rfd8 23. Be5 Nd3 24. Bxf6 Nxe1 25. Bxd8 Nxf3+ 26. gxf3 Rxd8
27. Re1 Qf7 28. Qxd4 Rd6 29. Qe4 Rg6+ 30. Kf1 h6 31. b4 Rf6 32. Re3 Qc7 33. Qd3
Qd7 34. c5 bxc5 35. bxc5 Rf5 36. c6 Qc8 37. Re8+ Qxe8 38. Qxf5 Qe7 39. Qd7 Qc5
40. c7 Qc1+ 41. Kg2 1-0

[Event "SF Neuenkirchen 1 - SV Letmathe 1"]
[Site "NRW-Klasse, Gruppe 2 2013/201"]
[Date "2014.01.12"]
[Round "5.7"]
[White "Pieczka, Reiner"]
[Black "Hachmeister, Dirk"]
[Result "1/2-1/2"]
[WhiteElo "1933"]
[BlackElo "2188"]
[PlyCount "64"]
[EventDate "2014.??.??"]
[WhiteTeam "SV Letmathe 1"]
[BlackTeam "SF Neuenkirchen 1"]

1. e4 c6 2. d4 d6 3. Nc3 e5 4. dxe5 dxe5 5. Qxd8+ Kxd8 6. Bc4 f6 7. Be3 Kc7 8.
a4 Bb4 9. Nge2 Nd7 10. O-O-O Ne7 11. h3 Re8 12. g3 Ng6 13. Bb3 Ngf8 14. f3 Bc5
15. Bxc5 Nxc5 16. Bc4 a5 17. g4 Be6 18. Bxe6 Nfxe6 19. b3 h5 20. h4 Rh8 21.
Rdg1 Rad8 22. gxh5 Rxh5 23. Ng3 Rh7 24. Nf5 Rd7 25. Ne2 Nd4 26. Nexd4 exd4 27.
Rg3 Ne6 28. Rhg1 Nf4 29. Kd2 g6 30. Rg4 Nh3 31. Rxg6 Nxg1 32. Rxg1 Kb6 1/2-1/2

[Event "SF Neuenkirchen 1 - SV Letmathe 1"]
[Site "NRW-Klasse, Gruppe 2 2013/201"]
[Date "2014.01.12"]
[Round "5.8"]
[White "Scho, Christian"]
[Black "Schaar, Axel"]
[Result "1/2-1/2"]
[WhiteElo "2108"]
[BlackElo "1783"]
[PlyCount "90"]
[EventDate "2014.??.??"]
[WhiteTeam "SF Neuenkirchen 1"]
[BlackTeam "SV Letmathe 1"]

1. d4 Nf6 2. Bg5 Ne4 3. Bf4 c5 4. f3 Qa5+ 5. c3 Nf6 6. Nd2 cxd4 7. Nb3 Qb6 8.
Qxd4 Nc6 9. Qxb6 axb6 10. Nd4 Nxd4 11. cxd4 d5 12. e3 Bd7 13. Bd3 Bc6 14. Ne2
e6 15. g4 Bb4+ 16. Kf2 O-O 17. a3 Be7 18. Nc3 Rfc8 19. Rhc1 Ne8 20. e4 dxe4 21.
fxe4 Rd8 22. Be3 Bf6 23. d5 exd5 24. Bxb6 Rd7 25. exd5 Bxd5 26. Bf5 Be6 27.
Bxe6 fxe6 28. Rd1 Rxd1 29. Rxd1 Bxc3 30. bxc3 Rxa3 31. Rd8 Kf7 32. Rd7+ Kg6 33.
h4 Nf6 34. h5+ Kh6 35. Be3+ g5 36. Rd4 Rxc3 37. Bd2 Rc2 38. Kf3 b5 39. Rd6 Kg7
40. Bxg5 Rc3+ 41. Kf4 Rc4+ 42. Kf3 Kf7 43. Rb6 Rc3+ 44. Kg2 Nxg4 45. Rb7+ Kg8
1/2-1/2

[Event "SVG Plettenberg 1 - SC Hansa Dortmund 2"]
[Site "NRW-Klasse, Gruppe 2 2013/201"]
[Date "2014.01.12"]
[Round "5.1"]
[White "Kotter, Ralf"]
[Black "Haub, Thorsten Michael"]
[Result "0-1"]
[WhiteElo "2293"]
[BlackElo "2455"]
[Annotator "Doe,John"]
[PlyCount "75"]
[EventDate "2014.??.??"]
[WhiteTeam "SC Hansa Dortmund 2"]
[BlackTeam "SVG Plettenberg 1"]

1. e4 g6 2. d4 Bg7 3. Nc3 d6 4. Be3 a6 5. h4 h6 6. Qd2 Nd7 7. f3 b5 8. Nge2 e6
9. g4 Ne7 10. Ng3 d5 11. exd5 exd5 12. O-O-O Nb6 13. Re1 Be6 14. h5 g5 15. f4
b4 16. Nd1 Nc4 17. Bxc4 gxf4 18. Bb3 fxe3 19. Ba4+ c6 20. Nxe3 Qa5 21. Bb3 Bf6
22. Kb1 O-O-O 23. Nef5 Nxf5 24. Nxf5 Bxf5 25. gxf5 Qb5 26. c3 a5 27. cxb4 Qxb4
28. Qc2 Kb7 29. Rd1 Bxd4 30. Rh4 c5 31. Qg2 Ka7 32. Qc2 Qb6 33. Ba4 Rhg8 34.
Rh3 c4 35. Qd2 Bf6 36. Rh2 Rg5 37. Rf1 d4 38. Qd1 {ZÜ} 0-1

[Event "SVG Plettenberg 1 - SC Hansa Dortmund 2"]
[Site "NRW-Klasse, Gruppe 2 2013/201"]
[Date "2014.01.12"]
[Round "5.2"]
[White "Bosch, Jeroen"]
[Black "Ackermann, Hans Werner"]
[Result "1/2-1/2"]
[WhiteElo "2346"]
[BlackElo "2236"]
[PlyCount "101"]
[EventDate "2014.??.??"]
[WhiteTeam "SVG Plettenberg 1"]
[BlackTeam "SC Hansa Dortmund 2"]

1. e4 c5 2. Nf3 a6 3. Nc3 b5 4. d4 cxd4 5. Nxd4 Bb7 6. Bd3 g6 7. O-O Bg7 8. Nb3
d6 9. Re1 Nf6 10. a4 b4 11. Na2 a5 12. c3 bxc3 13. Nxc3 O-O 14. Nb5 Nc6 15. Bd2
Nd7 16. Bc3 Bxc3 17. Nxc3 Nce5 18. Bb5 Qb6 19. Qe2 Rfc8 20. h3 Nf6 21. Kh2 g5
22. Nd2 h6 23. Rf1 Ng6 24. g3 d5 25. exd5 Nxd5 26. Nc4 Qc7 27. Rac1 Nb6 28. Ne3
Qe5 29. Ng4 Qxe2 30. Bxe2 Kg7 31. Ne3 e6 32. f4 Rd8 33. f5 Ne5 34. Rcd1 Bc6 35.
b3 Rab8 36. fxe6 fxe6 37. Nb5 Nd5 38. Nc2 Bxb5 39. Bxb5 Nc3 40. Rd4 Nxb5 41.
axb5 Rf8 42. Rxf8 Kxf8 43. Re4 Rxb5 44. Nd4 Rd5 45. Nxe6+ Kf7 46. Nd4 Kf6 47.
Kg2 Rc5 48. Re2 Rd5 49. Re4 Rc5 50. Re2 Rd5 51. Re4 1/2-1/2

[Event "SVG Plettenberg 1 - SC Hansa Dortmund 2"]
[Site "NRW-Klasse, Gruppe 2 2013/201"]
[Date "2014.01.12"]
[Round "5.3"]
[White "Karger, Frank"]
[Black "Klip, Hans"]
[Result "1/2-1/2"]
[WhiteElo "2231"]
[BlackElo "2300"]
[PlyCount "171"]
[EventDate "2014.??.??"]
[WhiteTeam "SC Hansa Dortmund 2"]
[BlackTeam "SVG Plettenberg 1"]

1. d4 f5 2. Nc3 Nf6 3. Bg5 d5 4. Bxf6 exf6 5. e3 Be6 6. Qf3 Qd7 7. Bb5 Nc6 8.
Nge2 O-O-O 9. Nf4 Bf7 10. Nd3 g6 11. O-O Qd6 12. Bxc6 Qxc6 13. Rfc1 Be6 14. a4
g5 15. Nb5 Kb8 16. b3 a6 17. Na3 Qc3 18. Ra2 Bxa3 19. Rxa3 f4 20. exf4 Qxd4 21.
Qe3 Qxe3 22. fxe3 Bf5 23. Rf1 Be4 24. Raa1 Rhg8 25. Rf2 g4 26. Rd2 g3 27. Nc5
Bf5 28. hxg3 Rxg3 29. e4 Bg6 30. exd5 Rc3 31. Ne6 Rd6 32. Re1 Rxc2 33. Rd4 Bf5
34. b4 c6 35. Nc5 cxd5 36. Re7 Bc8 37. a5 Rc4 38. Rxc4 dxc4 39. Re4 c3 40. Rc4
c2 41. Rxc2 Rd4 42. Na4 Bd7 43. Nb6 Bc6 44. g3 Rxb4 45. Rd2 Rb5 46. Nc4 Rc5 47.
Rd4 Kc7 48. Kf2 Bd5 49. Nb6 Kc6 50. Nxd5 Rxd5 51. Rc4+ Rc5 52. Re4 Kd6 53. Rd4+
Rd5 54. Rb4 Rb5 55. Rd4+ Ke6 56. Re4+ Kf5 57. Re7 h5 58. Kf3 Rxa5 59. Rxb7 Ra3+
60. Kg2 Ra1 61. Rh7 Kg6 62. Ra7 a5 63. Ra8 a4 64. Ra5 a3 65. Kh2 a2 66. Kg2 Kf7
67. Ra6 Ke7 68. f5 Kd7 69. Kh2 Kc7 70. Kg2 Kb7 71. Ra5 Kb6 72. Ra8 Kb5 73. Rb8+
Kc4 74. Ra8 Kd5 75. Ra5+ Ke4 76. Kh2 Kf3 77. Ra4 Re1 78. Rxa2 Kg4 79. Ra4+ Kxf5
80. Kg2 Kg5 81. Ra5+ Re5 82. Ra4 Rb5 83. Kf3 Rb3+ 84. Kg2 Rb2+ 85. Kf3 f5 86.
Ra8 1/2-1/2

[Event "SVG Plettenberg 1 - SC Hansa Dortmund 2"]
[Site "NRW-Klasse, Gruppe 2 2013/201"]
[Date "2014.01.12"]
[Round "5.4"]
[White "Pieper, Dawid"]
[Black "Sundorf, Jannik"]
[Result "1/2-1/2"]
[WhiteElo "2162"]
[BlackElo "2120"]
[PlyCount "39"]
[EventDate "2014.??.??"]
[WhiteTeam "SVG Plettenberg 1"]
[BlackTeam "SC Hansa Dortmund 2"]

1. e4 c5 2. Nf3 g6 3. d4 cxd4 4. Qxd4 Nf6 5. e5 Nc6 6. Qa4 Nd5 7. Qe4 Nb6 8.
Nc3 d5 9. exd6 Bf5 10. Qe2 Qxd6 11. Nb5 Qb8 12. Nbd4 Bg7 13. Nxf5 gxf5 14. g3
O-O 15. Bh3 e6 16. O-O Qc7 17. c3 Nd5 18. Re1 Rad8 19. Bg5 Nf6 20. Rad1 1/2-1/2

[Event "SVG Plettenberg 1 - SC Hansa Dortmund 2"]
[Site "NRW-Klasse, Gruppe 2 2013/201"]
[Date "2014.01.12"]
[Round "5.5"]
[White "Prueske, Wolfgang"]
[Black "Bouaraba, Max"]
[Result "1-0"]
[WhiteElo "2040"]
[BlackElo "2156"]
[PlyCount "98"]
[EventDate "2014.??.??"]
[WhiteTeam "SC Hansa Dortmund 2"]
[BlackTeam "SVG Plettenberg 1"]

1. e4 Nf6 2. e5 Nd5 3. d4 d6 4. c4 Nb6 5. exd6 cxd6 6. d5 e5 7. Nc3 Be7 8. Bd3
O-O 9. Nge2 Na6 10. b3 Nc5 11. Bc2 Bg4 12. f3 Bh5 13. O-O a6 14. a4 Rb8 15. Be3
Bg5 16. Bf2 f5 17. a5 Nc8 18. b4 Nd7 19. c5 Qc7 20. Na4 Ne7 21. Nb6 Rbd8 22.
Bb3 Bf7 23. Nc4 Nc8 24. f4 Bxf4 25. Nxf4 exf4 26. Rc1 dxc5 27. bxc5 Rde8 28. d6
Qd8 29. Qf3 Re4 30. Nd2 Ne5 31. Qc3 Qg5 32. Nxe4 fxe4 33. Bd4 f3 34. g3 Nd3 35.
Rcd1 Na7 36. Rxd3 exd3 37. Qxd3 Nc6 38. Be3 Qh5 39. Bxf7+ Rxf7 40. d7 Nd8 41.
c6 Qxa5 42. cxb7 Nxb7 43. Qe4 f2+ 44. Bxf2 Qd8 45. Qe8+ Rf8 46. Qe6+ Kh8 47.
Bb6 Rxf1+ 48. Kxf1 Qf8+ 49. Kg2 h6 1-0

[Event "SVG Plettenberg 1 - SC Hansa Dortmund 2"]
[Site "NRW-Klasse, Gruppe 2 2013/201"]
[Date "2014.01.12"]
[Round "5.6"]
[White "Jansen, Dirk Norbert"]
[Black "Linker, Walter"]
[Result "1-0"]
[WhiteElo "2133"]
[BlackElo "2056"]
[PlyCount "77"]
[EventDate "2014.??.??"]
[WhiteTeam "SVG Plettenberg 1"]
[BlackTeam "SC Hansa Dortmund 2"]

1. e4 e5 2. Nf3 Nc6 3. Bc4 Be7 4. d4 exd4 5. Nxd4 d6 6. Nc3 Nf6 7. O-O O-O 8.
Nxc6 bxc6 9. Re1 Nd7 10. Bf4 Bf6 11. Qd2 Re8 12. Bg3 Rb8 13. f4 Rb4 14. b3 a5
15. e5 Be7 16. a3 Rb8 17. e6 fxe6 18. Bxe6+ Kh8 19. Re3 d5 20. Na4 Nc5 21. Bxc8
Rxc8 22. Bf2 Ne4 23. Qxa5 Bf6 24. Rd1 Qd6 25. g3 Qxa3 26. Qa6 Nxf2 27. Kxf2 Qb4
28. Re6 Bd4+ 29. Kg2 Bb6 30. Rde1 Rf8 31. Qe2 c5 32. Qe5 h6 33. Re7 Rg8 34. Qe6
Qd4 35. Nxb6 cxb6 36. Qxb6 Qc3 37. Qg6 c4 38. R1e6 cxb3 39. Qxh6+ 1-0

[Event "SVG Plettenberg 1 - SC Hansa Dortmund 2"]
[Site "NRW-Klasse, Gruppe 2 2013/201"]
[Date "2014.01.12"]
[Round "5.7"]
[White "Schiefelbusch, Dirk"]
[Black "Kuhnen, Thomas"]
[Result "1/2-1/2"]
[WhiteElo "2091"]
[BlackElo "2054"]
[PlyCount "35"]
[EventDate "2014.??.??"]
[WhiteTeam "SC Hansa Dortmund 2"]
[BlackTeam "SVG Plettenberg 1"]

1. d4 Nf6 2. Nf3 g6 3. Bg5 Bg7 4. e3 c5 5. c3 b6 6. Bd3 Bb7 7. O-O O-O 8. Nbd2
d6 9. h3 Nc6 10. Re1 Qc7 11. Rc1 e5 12. e4 h6 13. Be3 Nh5 14. Bf1 Rad8 15. a3
Qd7 16. dxc5 dxc5 17. b4 cxb4 18. axb4 1/2-1/2

[Event "SVG Plettenberg 1 - SC Hansa Dortmund 2"]
[Site "NRW-Klasse, Gruppe 2 2013/201"]
[Date "2014.01.12"]
[Round "5.8"]
[White "Schulze, Marc"]
[Black "Dawid, Adalbert"]
[Result "1-0"]
[WhiteElo "2058"]
[BlackElo "1858"]
[Annotator "Doe,John"]
[PlyCount "89"]
[EventDate "2014.??.??"]
[WhiteTeam "SVG Plettenberg 1"]
[BlackTeam "SC Hansa Dortmund 2"]

1. d4 Nf6 2. Bf4 d6 3. c4 g6 4. Nc3 Bg7 5. Nf3 O-O 6. e3 Nbd7 7. Be2 Re8 8. h3
c6 9. O-O a6 10. b4 d5 11. b5 axb5 12. cxb5 c5 13. dxc5 Nxc5 $11 14. Be5 Ncd7
15. Bh2 Ra3 16. Rc1 e6 17. Bd6 Rxc3 18. Rxc3 Ne4 19. Rxc8 Qxc8 20. Bb4 Nc3 21.
Bxc3 Qxc3 22. Qb1 $11 Rc8 23. Rd1 Nb6 24. e4 dxe4 25. Qxe4 Qc2 26. Rd8+ Bf8 27.
Qxc2 Rxc2 28. Rd2 Rxd2 29. Nxd2 Nd5 30. Bf3 Bb4 31. Nc4 Kf8 32. a3 Bc5 33. a4
b6 34. Bxd5 exd5 35. Ne5 Ke7 36. Kf1 f6 37. Nd3 Kd6 38. Ke2 d4 39. Nc1 Ba3 40.
Nb3 Kd5 41. Kd3 Bb2 42. a5 bxa5 43. b6 Kc6 44. Nxa5+ Kxb6 45. Nc4+ 1-0

[Event "Herforder SV Königsspringer 1 - SK Hern"]
[Site "NRW-Klasse, Gruppe 2 2013/201"]
[Date "2014.01.12"]
[Round "5.1"]
[White "Sandkamp, Ralph"]
[Black "Nordsieck, Thomas"]
[Result "1/2-1/2"]
[WhiteElo "2203"]
[BlackElo "2244"]
[Annotator "Doe,John"]
[PlyCount "109"]
[EventDate "2014.??.??"]
[WhiteTeam "SK Herne-Sodingen 1"]
[BlackTeam "Herforder SV Königsspringer 1"]

1. e4 c5 2. Nf3 g6 3. d4 Bg7 4. Nc3 cxd4 5. Nxd4 Nc6 6. Be3 Nf6 7. Bc4 O-O 8.
Bb3 d6 9. f3 Bd7 10. Qd2 Rb8 11. Nxc6 bxc6 12. Bxa7 Rb7 13. Be3 Qa5 14. Bh6
Bxh6 15. Qxh6 c5 16. Qd2 Ra8 17. Nd5 Qa6 18. Nxf6+ exf6 19. Bd5 Bc6 20. Bxc6
Qxc6 21. b3 c4 22. O-O Rba7 23. Rfd1 Rxa2 24. Rxa2 Rxa2 25. Qxd6 Qxd6 26. Rxd6
Rxc2 27. bxc4 Rxc4 28. Rxf6 Kg7 $11 29. Rd6 Rc1+ 30. Kf2 Rc2+ 31. Kg3 Re2 32.
h4 h5 33. Rd1 Kf6 34. Kh3 Re3 35. Rd2 Ke5 36. Kg3 Re1 37. Rd5+ Kf6 38. Kf4 Rh1
39. g3 Rf1 40. Rd6+ Ke7 41. Ra6 Rg1 42. g4 hxg4 43. fxg4 Rh1 44. Kg5 Re1 45.
Ra4 Rg1 46. e5 Ke6 47. Ra5 Rg2 48. Ra8 Re2 49. Ra6+ Ke7 50. Kh6 Rxe5 51. Kg7
Re4 52. Ra7+ Ke6 53. g5 Rf4 54. Ra6+ Ke7 55. Ra7+ 1/2-1/2